[Event "CFriend SL-2003-0-00013 email"]
[Site "Chessfriend.com"]
[Date "2003.10.27"]
[Round "?"]
[White "Bouma, Jan"]
[Black "Rueger, Dietmar"]
[Result "1-0"]
[WhiteElo "1525"]
[BlackElo "1417"]
[PlyCount "53"]
[EventDate "2003.10.27"]
[EventType "tourn (corr)"]
[EventRounds "12"]
[SourceTitle "Corr 2008"]
[Source "ChessBase"]
[SourceDate "2008.06.24"]
[SourceVersion "1"]
[SourceVersionDate "2008.06.24"]
[SourceQuality "1"]

1. e4 c6 2. d4 d5 3. Nd2 dxe4 4. Nxe4 Bf5 5. Ng3 Bg6 6. Nf3 Nd7 7. h4 h6 8. h5 Bh7 9. Bd3 Bxd3 10. Qxd3 e6 11. Bf4 Ngf6 12. 0-0-0 Be7 13. Kb1 0-0 14. Ne4 Nxe4 15. Qxe4 Nf6 16. Qe2 Nd5 17. Bd2 b5 18. g4 Re8 19. g5 Bxg5 20. Nxg5 hxg5 21. h6 f6 22. hxg7 Kxg7 23. f4 Qd6 24. fxg5 Rh8 25. gxf6+ Nxf6 26. Rhg1+ Kf7 27. Rdf1 1-0

[Event "CFriend SL-2003-0-00013 email"]
[Site "Chessfriend.com"]
[Date "2003.10.27"]
[Round "1"]
[White "Rueger, Dietmar"]
[Black "Geluk, Peter Paul"]
[Result "1-0"]
[WhiteElo "1409"]
[BlackElo "1359"]
[PlyCount "89"]
[EventDate "2003.10.27"]
[EventType "tourn (corr)"]
[EventRounds "12"]
[SourceTitle "Corr 2008"]
[Source "ChessBase"]
[SourceDate "2008.06.24"]
[SourceVersion "1"]
[SourceVersionDate "2008.06.24"]
[SourceQuality "1"]

1. e4 e6 2. d4 d5 3. Nd2 Nf6 4. e5 Nfd7 5. f4 c5 6. c3 Nc6 7. Ndf3 Be7 8. Bd3 cxd4 9. cxd4 Nb4 10. Ne2 Nb6 11. 0-0 0-0 12. Bb1 f5 13. exf6 Bxf6 14. a3 Nc6 15. Ne5 g6 16. Nxc6 bxc6 17. Bd3 a5 18. Bd2 Nd7 19. Bc3 c5 20. Qd2 Qb6 21. Qe3 c4 22. Bc2 Bg7 23. Rf3 Nf6 24. Rh3 Bb7 25. Re1 Ng4 26. Qg3 Nh6 27. Qh4 Rae8 28. g4 Bc8 29. Ba4 Rd8 30. g5 Nf5 31. Qxh7+ Kf7 32. Rh6 e5 33. fxe5 Rh8 34. e6+ Qxe6 35. Nf4 Qd6 36. Qxg6+ Qxg6 37. Rxg6 Rh4 38. Rf1 Rg4+ 39. Kh1 Rh8 40. h3 Rxh3+ 41. Nxh3 Kxg6 42. Be8+ Kh7 43. g6+ Kh8 44. Rf4 Nxd4 45. a4 1-0

[Event "CFriend SL-2003-0-00013 email"]
[Site "Chessfriend.com"]
[Date "2003.10.27"]
[Round "?"]
[White "Rueger, Dietmar"]
[Black "Krabbenbos, Jan"]
[Result "0-1"]
[WhiteElo "1417"]
[BlackElo "1488"]
[PlyCount "64"]
[EventDate "2003.10.27"]
[EventType "tourn (corr)"]
[EventRounds "12"]
[SourceTitle "Corr 2008"]
[Source "ChessBase"]
[SourceDate "2008.06.24"]
[SourceVersion "1"]
[SourceVersionDate "2008.06.24"]
[SourceQuality "1"]

1. e4 c6 2. d4 d5 3. Nc3 dxe4 4. Nxe4 Nd7 5. Bd3 Ngf6 6. Ng5 e6 7. N1f3 Bd6 8. Qe2 h6 9. Ne4 Nxe4 10. Qxe4 Nf6 11. Qe2 b6 12. 0-0 Bb7 13. Ne5 Qc7 14. b3 c5 15. Bb5+ Ke7 16. Bb2 cxd4 17. Bxd4 Be4 18. Bd3 Bxe5 19. Bxe5 Qxe5 20. Rfe1 Rhd8 21. Bxe4 Nxe4 22. Qxe4 Qxe4 23. Rxe4 Rd2 24. c4 Rad8 25. Kf1 Rb2 26. Re2 Rdd2 27. Rxd2 Rxd2 28. Ke1 Rb2 29. g3 g5 30. h3 a5 31. Kf1 Kd6 32. Kg2 Kc5 0-1

[Event "CFriend SL-2003-0-00013 email"]
[Site "Chessfriend.com"]
[Date "2003.10.27"]
[Round "?"]
[White "Urbelz, Ignacio"]
[Black "Rueger, Dietmar"]
[Result "1-0"]
[WhiteElo "1517"]
[BlackElo "1417"]
[PlyCount "69"]
[EventDate "2003.10.27"]
[EventType "tourn (corr)"]
[EventRounds "12"]
[SourceTitle "Corr 2008"]
[Source "ChessBase"]
[SourceDate "2008.06.24"]
[SourceVersion "1"]
[SourceVersionDate "2008.06.24"]
[SourceQuality "1"]

1. e4 c6 2. d3 d5 3. Nd2 e5 4. g3 g6 5. Bg2 Bg7 6. Ngf3 Ne7 7. 0-0 0-0 8. Re1 Nd7 9. c3 Nc5 10. Qc2 dxe4 11. dxe4 Qd3 12. Qd1 Rd8 13. Bf1 Qd6 14. b3 Bg4 15. Ba3 b6 16. Qe2 Qf6 17. Bxc5 bxc5 18. Qe3 Rd7 19. Be2 Rad8 20. Rad1 Bh5 21. Nc4 Rxd1 22. Rxd1 Rxd1+ 23. Bxd1 Nc8 24. h3 Bxf3 25. Bxf3 Nb6 26. Be2 Nxc4 27. Bxc4 Qd6 28. Kg2 Kf8 29. h4 a5 30. f3 f5 31. exf5 gxf5 32. Qd3 Qf6 33. Qd7 e4 34. f4 e3 35. Kf1 1-0

[Event "CFriend SL-2003-0-00012 email"]
[Site "Chessfriend.com"]
[Date "2003.09.27"]
[Round "?"]
[White "Vinkes, Henk"]
[Black "Rueger, Dietmar"]
[Result "0-1"]
[WhiteElo "1324"]
[BlackElo "1382"]
[PlyCount "60"]
[EventDate "2003.09.27"]
[EventType "tourn (corr)"]
[EventRounds "6"]
[SourceTitle "Corr 2008"]
[Source "ChessBase"]
[SourceDate "2008.06.24"]
[SourceVersion "1"]
[SourceVersionDate "2008.06.24"]
[SourceQuality "1"]

1. c4 e5 2. Nc3 Nc6 3. e4 Nf6 4. Nf3 Bc5 5. h3 d6 6. a3 Be6 7. d3 0-0 8. b4 Bd4 9. Bb2 a6 10. Rc1 Ba7 11. Be2 Nd4 12. 0-0 Nxe2+ 13. Nxe2 Bd7 14. Ng3 Bc6 15. Qc2 Re8 16. Rfe1 Qe7 17. Nf5 Qe6 18. a4 h6 19. b5 axb5 20. cxb5 Bd7 21. Qxc7 Bc5 22. Rxc5 dxc5 23. Qxc5 Qb3 24. Bxe5 Bxf5 25. Bxf6 Bxh3 26. Bxg7 Kxg7 27. gxh3 Qxd3 28. Nh4 Rxe4 29. Nf5+ Kh7 30. Ne3 Rexa4 0-1

[Event "IECG QF.2002.0.00021"]
[Site "IECG email"]
[Date "2002.06.29"]
[Round "?"]
[White "Kose, Savas"]
[Black "Rueger, Dietmar"]
[Result "0-1"]
[WhiteElo "1089"]
[BlackElo "1000"]
[PlyCount "30"]
[EventDate "2002.06.29"]
[EventType "tourn (corr)"]
[EventRounds "6"]
[SourceTitle "Corr 2008"]
[Source "ChessBase"]
[SourceDate "2008.06.24"]
[SourceVersion "1"]
[SourceVersionDate "2008.06.24"]
[SourceQuality "1"]

1. d4 Nf6 2. c4 e6 3. Nc3 Bb4 4. e3 0-0 5. Nf3 d5 6. Bd3 c5 7. Bd2 cxd4 8. Nxd4 dxc4 9. Bxc4 e5 10. Nf3 Nc6 11. 0-0 e4 12. Ng5 Bf5 13. f3 Ne5 14. Ncxe4 Bxd2 15. Nxd2 Nxc4 0-1